The Effect of Thermal Annealing on Mechanical and Optical Properties of MgAl2O4 Ceramics Fabricated by Spark Plasma Sintering; Russian Physics Journal; Vol. 67, No. 4

書誌詳細
Parent link:Russian Physics Journal.— .— New York: Springer Science+Business Media LLC
Vol. 67, No. 4.— 2024.— P. 381-387
その他の著者: Deulina D. E. Darjya Evgenjevna, Paygin V. D. Vladimir Denisovich, Shevchenko I. N. Ivan Nikolaevich, Stepanov S. A. Sergey Aleksandrovich, Dvilis E. S. Edgar Sergeevich, Khasanov O. L. Oleg Leonidovich, Valiev D. T. Damir Talgatovich, Huang Fuli
要約:Title screen
The samples of MgAl2O4 ceramics are manufactured by spark plasma sintering at 1300°C and 100 MPa during 20 minutes. Their thermal annealing is conducted in an air atmosphere in a temperature range from 700 to 1300°C for 1 to 30 hours. Their microstructure is analyzed by the X-ray phase analysis and scanning electron microscopy. The influence of thermal treatment parameters on optical and mechanical characteristics of this ceramics is discussed
Текстовый файл
AM_Agreement
言語:英語
出版事項: 2024
主題:
オンライン・アクセス:https://doi.org/10.1007/s11182-024-03134-z
フォーマット: MixedMaterials 電子媒体 図書の章
KOHA link:https://koha.lib.tpu.ru/cgi-bin/koha/opac-detail.pl?biblionumber=673880

MARC

LEADER 00000naa0a2200000 4500
001 673880
005 20251117135738.0
090 |a 673880 
100 |a 20240801a2024 k||y0rusy50 ba 
101 0 |a eng 
102 |a US 
135 |a drcn ---uucaa 
181 0 |a i   |b  e  
182 0 |a b 
183 0 |a cr  |2 RDAcarrier 
200 1 |a The Effect of Thermal Annealing on Mechanical and Optical Properties of MgAl2O4 Ceramics Fabricated by Spark Plasma Sintering  |f D. E. Deulina, V. D. Paygin, I. N. Shevchenko [et al.] 
203 |a Текст  |c электронный  |b визуальный 
283 |a online_resource  |2 RDAcarrier 
300 |a Title screen 
320 |a References: 15 tit 
330 |a The samples of MgAl2O4 ceramics are manufactured by spark plasma sintering at 1300°C and 100 MPa during 20 minutes. Their thermal annealing is conducted in an air atmosphere in a temperature range from 700 to 1300°C for 1 to 30 hours. Their microstructure is analyzed by the X-ray phase analysis and scanning electron microscopy. The influence of thermal treatment parameters on optical and mechanical characteristics of this ceramics is discussed 
336 |a Текстовый файл 
371 0 |a AM_Agreement 
461 1 |t Russian Physics Journal  |c New York  |n Springer Science+Business Media LLC 
463 1 |t Vol. 67, No. 4  |v P. 381-387  |d 2024 
610 1 |a электронный ресурс 
610 1 |a труды учёных ТПУ 
610 1 |a magnesium aluminate spinel 
610 1 |a transparent ceramics 
610 1 |a spark plasma sintering 
610 1 |a microhardness 
610 1 |a fracture toughness 
610 1 |a optical properties 
610 1 |a microstructure 
701 1 |a Deulina  |b D. E.  |c specialist in the field of material science  |c Research Engineer of Tomsk Polytechnic University  |f 1999-  |g Darjya Evgenjevna  |9 88618 
701 1 |a Paygin  |b V. D.  |c specialist in the field of material science  |c engineer of Tomsk Polytechnic University  |f 1992-  |g Vladimir Denisovich  |9 20806 
701 1 |a Shevchenko  |b I. N.  |c specialist in the field of material science  |c Engineer of Tomsk Polytechnic University  |f 1997-  |g Ivan Nikolaevich  |9 88619 
701 1 |a Stepanov  |b S. A.  |c specialist in the field of lightning engineering  |c Engineer of Tomsk Polytechnic University  |f 1986-  |g Sergey Aleksandrovich  |9 17369 
701 1 |a Dvilis  |b E. S.  |c Chemical Engineer  |c senior researcher of Tomsk Polytechnic University, Professor, doctor of physical and mathematical Sciences  |f 1969-  |g Edgar Sergeevich  |9 17959 
701 1 |a Khasanov  |b O. L.  |c Russian physicist, materials scientist, Doctor of Engineering  |c professor, Director of TPU Nano-Centre and Head of the Department "Nanomaterials and Nanotechnologies" of TPU  |f 1958-  |g Oleg Leonidovich  |9 12652 
701 1 |a Valiev  |b D. T.  |c specialist in the field of material science  |c Associate Professor of Tomsk Polytechnic University, Candidate of Physical and Mathematical Sciences  |f 1987-  |g Damir Talgatovich  |9 17370 
701 0 |a Huang Fuli 
801 0 |a RU  |b 63413507  |c 20240801  |g RCR 
856 4 |u https://doi.org/10.1007/s11182-024-03134-z  |z https://doi.org/10.1007/s11182-024-03134-z 
942 |c CF